000 02263nam a2200289Ia 4500
999 _c42422
_d42422
001 9118
003 GE_BSU
005 20240604163637.0
008 181216s2013||||ge |||||||||||||| ||geo||
020 _a9789941062964(პირველი კრებული)
040 _cGE_BSU
041 _ageo
080 _a902/904(479.223) ა–95
245 _aაჭარა. წარსული და თანამედროვეობა. 2012 წლის არქეოლოგიური გათხრების შედეგები. კრებული 1= Ajara : Past and modernity results of the archaelogical excavations in 2012. Аджария : Прошло и современностью Итоги археологических раскопок 2012 г. /
_cაჭარის არ განათლ., კულტ. და სპორტის სამინ., აჭარის კულტ. მემკვიდრეობის დაცვის სააგენტო ; რედ. ამირან კახიძე.
264 _aბათუმი :
_b[გ.გ],
_c2013.
300 _a302 გვ. :
_bილ. ;
_c30 სმ.
520 _aრეზიუმე ინგლისურ და რუსულ ენებზე
653 _aარქეოლოგია
653 _aაჭარა.წარსული და თანამედროვეობა.2012 წლის არქეოლოგიური გათხრების შედეგები
653 _aისტორია
700 _aკახიძე, ამირან
_eავტორი
_922323
700 _aსურმანიძე, ნარგიზ
_eავტორი
_917316
700 _aმგელაძე, ნუგზარ
_eავტორი
_922324
700 _aთავამაიშვილი, გიორგი
_eავტორი
_92289
710 _aაჭარის არ. განათლების, კულტურისა და სპორტის სამინინისტრო
_bაჭარის კულტურული მემკვიდრეობის დაცვის სააგენტო
_922325
942 _cBK
_2udc